| 000 | 00790nam a2200229 a 4500 | ||
|---|---|---|---|
| 003 | 0 | ||
| 005 | 20250205095819.0 | ||
| 008 | 130830s19uu xx 00 eng d | ||
| 050 |
_aPGS TP 1180.P7 _b.In58 2013 |
||
| 100 | _aInoue, Makoto. | ||
| 245 |
_aThe use salt in degrading plastic / _cMakoto Inoue. |
||
| 260 |
_aLas PiƱas City, Philippines : _bSouthville International School and Colleges, _c2013. |
||
| 300 |
_a20 p. : _bill. ; _c28 cm. |
||
| 504 | _aIncludes bibliographical references. | ||
| 650 |
_aPlastics _vDegradation. |
||
| 650 |
_aPlastics _vEnvironmental aspects. |
||
| 650 | _aBiodegradation of plastics. | ||
| 650 |
_aSalt _vChemical properties. |
||
| 650 |
_aPlastic waste _vRecycling. |
||
| 650 |
_aChemical reactions _vEnvironmental aspects. |
||
| 942 |
_2lcc _cPASS |
||
| 999 |
_c99053 _d99053 |
||